01674 2200253 4500001002100000005001500021007000300036008004100039020002200080035002000102082001200122084001800134100003900152245011300191264003800304300005000342336002100392337003000413338002300443520088900466600002201355700002601377990001701403INLIS00000000150298820260317085953ta260317 g 0 ind  a978-602-99312-3-5 a0010-0326000020 a631.584 a631.584 SOE r0 aSoemitro ArintadisastraePengarang1 aRevolusi pertanian dengan kearifan lokal /cDr. Ir. Soemitro Arintadisastra, M.Ed dan Ir. H. Isran Noor, MSi aJakarta :bRaih Asa Sukses,c2012 av, 86 halaman :bilustrasi berwarna ;c21 cm. 2rdacontentateks 2rdamediaatanpa perantara 2rdacarrieravolume aberfokus pada gagasan untuk memodernisasi sektor pertanian tanpa menghilangkan identitas budaya Indonesia. Berikut adalah ringkasan isi dan topik utama yang dibahas: Topik Utama Kegagalan Revolusi Hijau Masa Lalu: Penulis mengevaluasi dampak negatif "Revolusi Hijau" era 1970-1980an yang terlalu bergantung pada bahan kimia dan mengabaikan ekosistem lokal. Definisi Kearifan Lokal dalam Tani: Mengangkat praktik tradisional seperti sistem pengairan, penanggalan tanam (contoh: Pranoto Mongso), dan penggunaan benih lokal sebagai dasar inovasi. Kedaulatan Pangan: Menekankan bahwa kemandirian pangan hanya bisa dicapai jika petani memiliki kontrol atas sumber daya mereka sendiri (tanah, benih, dan pupuk alami). Sinergi Teknologi dan Tradisi: Mengusulkan penggunaan teknologi modern (seperti mekanisasi selektif) yang disesuaikan dengan kondisi sosial-budaya masyarakat setempat. 4apertanian organik0 aIsran NoorePengarang a2022/HD/0308